Patología quirúrgica del abdomen / (Record no. 178487)

MARC details
000 -LEADER
campo de control de longitud fija 01015nam a22002655i 4500
001 - NÚMERO DE CONTROL
campo de control 178487
003 - IDENTIFICADOR DE NÚMERO DE CONTROL
campo de control ES-MaACL
005 - FECHA Y HORA DE LA ÚLTIMA TRANSACCIÓN
campo de control 20230906220537.0
008 - DATOS DE LONGITUD FIJA--INFORMACIÓN GENERAL
campo de control de longitud fija 110603s1985 sp ao |||| | spa d
020 ## - NÚMERO INTERNACIONAL ESTÁNDAR DEL LIBRO
Número Internacional Estándar del Libro 84-86152-12-7
080 ## - NÚMERO DE LA CLASIFICACIÓN DECIMAL UNIVERSAL
Número de la Clasificación Decimal Universal 617.55(075.8)
100 1# - ENTRADA PRINCIPAL--NOMBRE DE PERSONA
Nombre de persona Diego Carmona, José A. de.
9 (RLIN) 146900
245 10 - MENCIÓN DEL TÍTULO
Título Patología quirúrgica del abdomen /
Mención de responsabilidad, etc. por José A. de Diego Carmona ; colaboran, Rafael Casanova Gómez ... [et al.].
260 ## - PUBLICACIÓN, DISTRIBUCIÓN, ETC.
Lugar de publicación, distribución, etc. Madrid :
Nombre del editor, distribuidor, etc. Luzán 5,
Fecha de publicación, distribución, etc. D. L. 1985.
300 ## - DESCRIPCIÓN FÍSICA
Extensión 2 v. :
Otras características físicas il. bl. y n. ;
Dimensiones 24 cm.
490 1# - MENCIÓN DE SERIE
Mención de serie Pregrado quirúrgico ;
Designación de volumen o secuencia 1-2
500 ## - NOTA GENERAL
Nota general Incluyen tests al final.
504 ## - NOTA DE BIBLIOGRAFÍA, ETC.
Nota de bibliografía, etc. Bibliografía.
505 8# - NOTA DE CONTENIDO CON FORMATO
Nota de contenido con formato Contiene: Vol. I. Esófago, estomágo e intestino.- Vol. II. Pared abdominal, peritoneo, hígado, vías biliares, páncreas y bazo
650 #4 - PUNTO DE ACCESO ADICIONAL DE MATERIA--TÉRMINO DE MATERIA
Término de materia o nombre geográfico como elemento de entrada Abdomen-
Subdivisión general Cirugía.
9 (RLIN) 146902
700 1# - ENTRADA AGREGADA--NOMBRE PERSONAL
Nombre de persona Casanova Gómez, Rafael.
9 (RLIN) 146901
830 0# - PUNTO DE ACCESO ADICIONAL DE SERIE-TÍTULO UNIFORME
Título uniforme Pregrado quirúrgico ;
Designación de volumen o secuencia 1-2
9 (RLIN) 190997
852 ## - LOCALIZACIÓN
Ubicación ES-MaACL
Número de control de estantería E-15236-37
Encuadernación Olim P-600
Holdings
Estatus retirado Estado de pérdida Estado de daño No para préstamo Biblioteca de origen Biblioteca actual Ubicación en estantería Fecha de adquisición Fuente de adquisición Total de préstamos Signatura topográfica completa Código de barras Visto por última vez Precio de reemplazo Tipo de ítem Koha
        Biblioteca del Ateneo de Madrid Biblioteca del Ateneo de Madrid Depósito 2 03/06/2011     E-15236-37 1187490 23/02/2023 23/02/2023 Libro impreso